[Event "British Columbia op"]
[Site "Richmond CAN"]
[Date "2018.02.12"]
[Round "5.5"]
[White "Doknjas, Joshua"]
[Black "Hemstapat, Andrew"]
[Result "1-0"]
[WhiteElo "2263"]
[BlackElo "2166"]
[PlyCount "89"]
[EventDate "2018.02.10"]
[EventType "swiss"]
[EventRounds "6"]
[EventCountry "CAN"]

1. e4 e6 2. d4 d5 3. Nc3 Nf6 4. Bg5 Be7 5. e5 Nfd7 6. Bxe7 Qxe7 7. f4 a6 8. Nf3
Nb6 9. Bd3 Bd7 10. O-O c5 11. Qe1 Nc6 12. Qf2 cxd4 13. Ne2 Na4 14. Rfb1 h6 15.
Nexd4 O-O 16. c3 f5 17. exf6 Rxf6 18. Qe3 Qd6 19. Ne5 Raf8 20. g3 Be8 21. Ng4
R6f7 22. Qxe6 Qc5 23. Qg6 Rf5 24. Nxh6+ Kh8 25. Nf7+ R8xf7 26. Bxf5 Rxf5 27.
Qxe8+ Rf8 28. Qe3 Nb6 29. Qf2 Qd6 30. Nxc6 Qxc6 31. Re1 Nd7 32. Rad1 Nf6 33.
Qd4 Qb5 34. Qb4 Qxb4 35. cxb4 Rc8 36. Rc1 Rd8 37. Kf2 Rd7 38. Kf3 Kg8 39. g4
Kf7 40. g5 Ne4 41. Rcd1 Kg6 42. Rd4 Kf5 43. Red1 Ke6 44. Ke3 g6 45. Rxe4+ 1-0

[Event "British Columbia op"]
[Site "Richmond CAN"]
[Date "2018.02.12"]
[Round "5.6"]
[White "Zhou, Aiden"]
[Black "Li, James"]
[Result "0-1"]
[WhiteElo "2019"]
[BlackElo "2056"]
[PlyCount "64"]
[EventDate "2018.02.10"]
[EventType "swiss"]
[EventRounds "6"]
[EventCountry "CAN"]

1. d4 Nf6 2. c4 e6 3. g3 Bb4+ 4. Bd2 Bxd2+ 5. Qxd2 c5 6. d5 exd5 7. cxd5 d6 8.
Nc3 O-O 9. Bg2 Re8 10. Nf3 b5 11. Ng5 h6 12. Nge4 b4 13. Nxf6+ Qxf6 14. Ne4 Qg6
15. Qf4 Re5 16. e3 Nd7 17. Nd2 Ba6 18. Rc1 Nb6 19. Nf3 Rxd5 20. Bf1 Bxf1 21.
Kxf1 Qe6 22. e4 Rd3 23. Ke2 c4 24. Ne1 g5 25. Qf5 Qxf5 26. exf5 Re8+ 27. Kf1
Rd2 28. Nc2 Ree2 29. Nxb4 a5 30. Nc6 Rxf2+ 31. Kg1 Rg2+ 32. Kf1 Nd5 0-1

[Event "British Columbia op"]
[Site "Richmond CAN"]
[Date "2018.02.12"]
[Round "5.7"]
[White "Verdon, Norman"]
[Black "Palamakumbura, Sudharaka"]
[Result "0-1"]
[WhiteElo "2152"]
[BlackElo "1965"]
[PlyCount "70"]
[EventDate "2018.02.10"]
[EventType "swiss"]
[EventRounds "6"]
[EventCountry "CAN"]

1. e4 e5 2. Nf3 Nf6 3. Nxe5 d6 4. Nf3 Nxe4 5. Nc3 Nf6 6. d4 d5 7. Bd3 Be7 8. h3
O-O 9. O-O c6 10. Re1 Re8 11. Bf4 Nbd7 12. Ne5 Nf8 13. Ne2 Ne6 14. Bh2 Bd6 15.
c3 Qc7 16. Qc2 c5 17. Ng4 Bxh2+ 18. Nxh2 c4 19. Bf5 Ng5 20. Ng3 Bxf5 21. Qxf5
Nge4 22. Ng4 Nxg4 23. Qxg4 Nxg3 24. Qxg3 Qxg3 25. fxg3 f6 26. Kf2 Kf7 27. g4
Rxe1 28. Rxe1 Re8 29. Rxe8 Kxe8 30. Kf3 Kf7 31. Kf4 g5+ 32. Kf5 b5 33. a4 bxa4
34. g3 h6 35. h4 a6 0-1

[Event "British Columbia op"]
[Site "Richmond CAN"]
[Date "2018.02.12"]
[Round "5.8"]
[White "Patterson, Roger"]
[Black "Zheng, Maven"]
[Result "1-0"]
[WhiteElo "2116"]
[BlackElo "1845"]
[PlyCount "75"]
[EventDate "2018.02.10"]
[EventType "swiss"]
[EventRounds "6"]
[EventCountry "CAN"]

1. c4 Nf6 2. Nc3 g6 3. g3 Bg7 4. Bg2 O-O 5. e4 d6 6. Nge2 e5 7. d3 c5 8. O-O
Nh5 9. f4 f5 10. exf5 gxf5 11. Rb1 Nc6 12. Nd5 Rb8 13. a3 b6 14. Nec3 Nf6 15.
Nxf6+ Bxf6 16. Bxc6 Kh8 17. Bg2 Rg8 18. Nd5 Bg7 19. b4 Re8 20. Bb2 Rb7 21. Qc2
Rf7 22. Rbe1 Rg8 23. Bc3 Qd7 24. Qb2 h6 25. fxe5 dxe5 26. Bxe5 Bb7 27. Nf6 Bxf6
28. Bxf6+ Kh7 29. Bxb7 Qxb7 30. Be5 Qd7 31. d4 cxd4 32. Qxd4 Qc6 33. Qd5 Qg6
34. Bf4 Rgf8 35. Re6 Rf6 36. Rfe1 Rxe6 37. Rxe6 Rf6 38. Re7+ 1-0

[Event "British Columbia op"]
[Site "Richmond CAN"]
[Date "2018.02.12"]
[Round "5.9"]
[White "Zhu, Brandon"]
[Black "Doknjas, Neil"]
[Result "1/2-1/2"]
[WhiteElo "2081"]
[BlackElo "1897"]
[PlyCount "81"]
[EventDate "2018.02.10"]
[EventType "swiss"]
[EventRounds "6"]
[EventCountry "CAN"]

1. d4 d5 2. c4 e6 3. Nc3 Nf6 4. cxd5 exd5 5. Bg5 Be7 6. e3 O-O 7. Bd3 c6 8.
Nge2 Nbd7 9. O-O Re8 10. Qc2 Nf8 11. Kh1 b6 12. f3 Bb7 13. e4 dxe4 14. fxe4 Ng4
15. Bf4 Ne6 16. e5 Bg5 17. Bxh7+ Kh8 18. Bf5 Bxf4 19. Bxg4 Nxd4 20. Nxd4 Qxd4
21. Ne2 Qd2 22. Qf5 Bh6 23. Bf3 Qg5 24. Nd4 Rxe5 25. Qxf7 Re7 26. Qb3 Qc5 27.
Rad1 Rae8 28. Qd3 Re3 29. Qf5 Ba6 30. Qxc5 bxc5 31. Nf5 Bxf1 32. Nxe3 Bxe3 33.
Rxf1 Bd4 34. b3 Re6 35. g3 g5 36. Kg2 Kg7 37. Rd1 Kf6 38. Rc1 a5 39. Rc4 Kg7
40. Rc2 Kf6 41. Re2 1/2-1/2

[Event "British Columbia op"]
[Site "Richmond CAN"]
[Date "2018.02.12"]
[Round "5.10"]
[White "Gu, Chuyang"]
[Black "Huang, Patrick"]
[Result "0-1"]
[WhiteElo "1811"]
[BlackElo "2057"]
[PlyCount "84"]
[EventDate "2018.02.10"]
[EventType "swiss"]
[EventRounds "6"]
[EventCountry "CAN"]

1. e4 c5 2. Nf3 d6 3. d4 cxd4 4. Nxd4 Nf6 5. Nc3 a6 6. Bg5 e6 7. f4 Be7 8. Qf3
Qc7 9. O-O-O h6 10. Bh4 Nbd7 11. Be2 b5 12. Bxf6 Nxf6 13. e5 Bb7 14. Qg3 dxe5
15. fxe5 Nd5 16. Nxe6 fxe6 17. Qg6+ Kd7 18. Rhe1 Qc5 19. Bf3 Kc7 20. Ne4 Qb6
21. Qxg7 Rag8 22. Qf7 Rf8 23. Qg7 Kb8 24. Kb1 Qc7 25. Qg3 Rhg8 26. Qf2 Qxe5 27.
Nc5 Nc3+ 28. bxc3 Qxc5 29. Qxc5 Bxc5 30. Rxe6 Bxf3 31. gxf3 Rxf3 32. Rxa6 Rg2
33. Rxh6 Rxc3 34. Rh7 Ba3 35. Rd8+ Rc8 36. Rxc8+ Kxc8 37. c3 Rb2+ 38. Kc1 Rxh2+
39. Kb1 Rxh7 40. c4 bxc4 41. Kc2 Bb4 42. a4 Rh2+ 0-1

[Event "British Columbia op"]
[Site "Richmond CAN"]
[Date "2018.02.12"]
[Round "6.3"]
[White "MacKinnon, Keith"]
[Black "Kenney, Jason"]
[Result "1/2-1/2"]
[WhiteElo "2262"]
[BlackElo "2247"]
[PlyCount "92"]
[EventDate "2018.02.10"]
[EventType "swiss"]
[EventRounds "6"]
[EventCountry "CAN"]

1. e4 c6 2. d4 d5 3. e5 Bf5 4. Nf3 e6 5. Be2 c5 6. Be3 cxd4 7. Nxd4 Ne7 8. c4
Nbc6 9. Nc3 Nxd4 10. Bxd4 dxc4 11. Bxc4 Nc6 12. Bb5 Be7 13. Qa4 O-O 14. Bxc6
bxc6 15. O-O c5 16. Be3 Qc7 17. Qf4 Rab8 18. b3 Rb4 19. Nd5 exd5 20. Qxf5 g6
21. Qc2 d4 22. Bd2 Rb7 23. Qe4 Rc8 24. Rac1 Qc6 25. Rfe1 a5 26. Rc4 Qxe4 27.
Rxe4 a4 28. Rxa4 c4 29. Rxd4 cxb3 30. axb3 Rxb3 31. g3 Rb2 32. Be3 Rb5 33. Rac4
Rxc4 34. Rxc4 Kf8 35. Bd4 Ke8 36. Kg2 h5 37. Kf3 Rb4 38. Rxb4 Bxb4 39. g4 hxg4+
40. Kxg4 Ke7 41. Kg5 Ke6 42. f4 Bd2 43. Bf2 Bc1 44. Be1 Be3 45. h4 Bc1 46. Kg4
f6 1/2-1/2

[Event "British Columbia op"]
[Site "Richmond CAN"]
[Date "2018.02.12"]
[Round "6.4"]
[White "Li, James"]
[Black "Palamakumbura, Sudharaka"]
[Result "1/2-1/2"]
[WhiteElo "2056"]
[BlackElo "1965"]
[PlyCount "56"]
[EventDate "2018.02.10"]
[EventType "swiss"]
[EventRounds "6"]
[EventCountry "CAN"]

1. g3 e5 2. c4 Nf6 3. Bg2 Nc6 4. Nc3 Bc5 5. a3 a5 6. e3 O-O 7. Nge2 Re8 8. d3
d6 9. O-O Rb8 10. Rb1 Bf5 11. h3 h6 12. Kh2 Qd7 13. e4 Bh7 14. Be3 Nd4 15. b4
axb4 16. axb4 Nxe2 17. Qxe2 Bxe3 18. fxe3 Ra8 19. Ra1 c6 20. b5 Qc7 21. Rfb1
cxb5 22. Rxa8 Rxa8 23. Rxb5 Ra5 24. Qb2 Rxb5 25. Qxb5 Qc6 26. Qa5 Bg6 27. Qd8+
Kh7 28. Nb5 Qc5 1/2-1/2

[Event "British Columbia op"]
[Site "Richmond CAN"]
[Date "2018.02.12"]
[Round "6.5"]
[White "Doknjas, John"]
[Black "Huang, Patrick"]
[Result "1-0"]
[WhiteElo "2296"]
[BlackElo "2057"]
[PlyCount "121"]
[EventDate "2018.02.10"]
[EventType "swiss"]
[EventRounds "6"]
[EventCountry "CAN"]

1. Nf3 c5 2. c4 Nc6 3. Nc3 g6 4. e3 Nf6 5. d4 cxd4 6. exd4 d5 7. cxd5 Nxd5 8.
Qb3 Nxc3 9. Bc4 e6 10. bxc3 Bg7 11. Ba3 Bf8 12. O-O Bxa3 13. Qxa3 Qe7 14. Qc1
Bd7 15. Qf4 O-O 16. Rfe1 Na5 17. Bf1 Rac8 18. Re3 Nc4 19. Bxc4 Rxc4 20. Ne5
Rcc8 21. Rae1 Bc6 22. Ng4 Rfd8 23. Qe5 h5 24. Nf6+ Kf8 25. Nd5 f6 26. Nxe7 fxe5
27. Nxc8 Rxc8 28. Rxe5 Bd5 29. R5e3 Bxa2 30. Ra1 Bc4 31. Rxa7 Ba6 32. Rxe6 Rxc3
33. h4 Rd3 34. Rd6 Rd1+ 35. Kh2 Rd2 36. Kg3 Ke8 37. Rxg6 Rxd4 38. Rg7 Rd3+ 39.
f3 Rd8 40. Rh7 Rc8 41. Raxb7 Bxb7 42. Rxb7 Rc5 43. Rg7 Rc6 44. Kf4 Kf8 45. Rg5
Rh6 46. Rf5+ Kg7 47. Kg5 Rh8 48. Ra5 Kf7 49. Ra7+ Ke6 50. Rg7 Ke5 51. g4 hxg4
52. fxg4 Ke6 53. h5 Ra8 54. h6 Ra5+ 55. Kg6 Ke5 56. g5 Kf4 57. Kh7 Kg4 58. g6
Kh5 59. Rb7 Kg5 60. g7 Ra6 61. g8=Q+ 1-0

[Event "British Columbia op"]
[Site "Richmond CAN"]
[Date "2018.02.12"]
[Round "6.6"]
[White "Cheng, Louis"]
[Black "Sali, Zulfikar"]
[Result "1-0"]
[WhiteElo "1994"]
[BlackElo "2233"]
[PlyCount "63"]
[EventDate "2018.02.10"]
[EventType "swiss"]
[EventRounds "6"]
[EventCountry "CAN"]

1. e4 c5 2. Nf3 g6 3. c3 Bg7 4. Bc4 e6 5. O-O Nc6 6. d4 d5 7. exd5 exd5 8. Bb5
Nge7 9. dxc5 O-O 10. Bf4 a6 11. Bxc6 Nxc6 12. Bd6 Re8 13. Qxd5 Re2 14. Nbd2 Bg4
15. Rad1 Bh6 16. Qb3 b5 17. Qd5 Rc8 18. h3 Bxf3 19. Nxf3 Rxb2 20. Rfe1 Qd7 21.
Nd4 Bd2 22. Nxc6 Qxc6 23. Rxd2 Qxd5 24. Rxd5 Rxa2 25. Be5 f6 26. Bxf6 Kf7 27.
Bg5 Rc2 28. Re7+ Kg8 29. Rdd7 Rxc3 30. Rg7+ Kf8 31. Rxh7 Kg8 32. Bf6 1-0

[Event "British Columbia op"]
[Site "Richmond CAN"]
[Date "2018.02.12"]
[Round "6.7"]
[White "Hemstapat, Andrew"]
[Black "Patterson, Roger"]
[Result "1/2-1/2"]
[WhiteElo "2166"]
[BlackElo "2116"]
[PlyCount "99"]
[EventDate "2018.02.10"]
[EventType "swiss"]
[EventRounds "6"]
[EventCountry "CAN"]

1. e4 d6 2. d4 Nf6 3. Nc3 e5 4. Nf3 Nbd7 5. Bc4 Be7 6. O-O O-O 7. h3 c6 8. a4
Qc7 9. Be3 b6 10. Qe2 Bb7 11. dxe5 dxe5 12. Rfd1 a6 13. Bb3 Nc5 14. Nd2 b5 15.
f3 Rad8 16. Qf2 Nfd7 17. Ne2 Nxb3 18. cxb3 Qd6 19. Nc4 Qe6 20. Na5 Ba8 21. Qe1
Rc8 22. Qc3 Rfd8 23. Rac1 c5 24. b4 c4 25. axb5 axb5 26. Qa3 Nb6 27. Bc5 Na4
28. Bxe7 Qxe7 29. Rxd8+ Rxd8 30. Nxc4 f5 31. Ne3 fxe4 32. fxe4 Bxe4 33. Qb3+
Kh8 34. Ng3 Bd3 35. Kh2 Qg5 36. Re1 h5 37. Qf7 h4 38. Ngf5 Nxb2 39. Qe7 Qxe7
40. Nxe7 Rd4 41. N3d5 e4 42. Ra1 Kh7 43. Ra7 Bc4 44. Nf6+ gxf6 45. Nf5+ Kg6 46.
Nxd4 Nd3 47. Rb7 f5 48. Nxb5 Bxb5 49. Rxb5 e3 50. Rb6+ 1/2-1/2

[Event "British Columbia op"]
[Site "Richmond CAN"]
[Date "2018.02.12"]
[Round "6.8"]
[White "Sadoughian-Zadeh, Farshad"]
[Black "Zhu, Brandon"]
[Result "1-0"]
[WhiteElo "2099"]
[BlackElo "2081"]
[PlyCount "85"]
[EventDate "2018.02.10"]
[EventType "swiss"]
[EventRounds "6"]
[EventCountry "CAN"]

1. d4 Nf6 2. c4 c5 3. d5 e5 4. Nc3 Bd6 5. e4 Bc7 6. Bd3 d6 7. Nge2 O-O 8. h3 a6
9. g4 Ne8 10. Ng3 Ba5 11. h4 Bxc3+ 12. bxc3 Qa5 13. Bd2 b5 14. h5 f6 15. Rg1 g5
16. hxg6 hxg6 17. g5 fxg5 18. Nf1 g4 19. Nh2 Nf6 20. Be2 Nxe4 21. Nxg4 Nxd2 22.
Qxd2 Rf4 23. Ne3 Kf7 24. Ng2 Bf5 25. Nxf4 exf4 26. Bg4 Bxg4 27. Rxg4 Nd7 28.
Rxf4+ Nf6 29. Kf1 Kg7 30. Re1 Qc7 31. Re6 Rf8 32. Qe2 Qd8 33. Re7+ Rf7 34.
Rxf7+ Kxf7 35. Qe6+ Kg7 36. cxb5 axb5 37. a4 bxa4 38. Rxa4 Qc7 39. Ra6 Qb7 40.
Rxd6 Qb1+ 41. Kg2 Nh5 42. Rd7+ Kh6 43. Qe3+ 1-0

[Event "British Columbia op"]
[Site "Richmond CAN"]
[Date "2018.02.12"]
[Round "6.9"]
[White "Doknjas, Neil"]
[Black "Zhou, Aiden"]
[Result "0-1"]
[WhiteElo "1897"]
[BlackElo "2019"]
[PlyCount "82"]
[EventDate "2018.02.10"]
[EventType "swiss"]
[EventRounds "6"]
[EventCountry "CAN"]

1. e4 e6 2. d4 d5 3. Nc3 Nf6 4. Bg5 Bb4 5. exd5 exd5 6. Bd3 O-O 7. Nge2 b6 8.
O-O Bb7 9. Nf4 Be7 10. Qf3 Nbd7 11. Bf5 h6 12. Bxf6 Nxf6 13. Rfe1 c6 14. Nd3
Bd6 15. Ne5 Qc7 16. h4 a6 17. Nb1 Rfe8 18. Qe3 c5 19. c3 Ne4 20. f3 Ng3 21. Bd3
cxd4 22. cxd4 f6 23. Rc1 Qe7 24. f4 fxe5 25. Qxg3 exf4 26. Qf2 f3 27. gxf3 Bf4
28. Nc3 Be3 29. Re1 Bxf2+ 30. Kxf2 Qxh4+ 31. Kf1 Qxd4 32. Rad1 Rxe1+ 33. Kxe1
Qe3+ 34. Ne2 Qxf3 35. Kd2 Re8 36. Nd4 Qe3+ 37. Kc2 Qf2+ 38. Kb1 Re1 39. Rxe1
Qxe1+ 40. Kc2 Qe5 41. Nf5 Bc8 0-1

[Event "British Columbia op"]
[Site "Richmond CAN"]
[Date "2018.02.12"]
[Round "6.10"]
[White "Zheng, Maven"]
[Black "Landingin, Jofrei"]
[Result "1-0"]
[WhiteElo "1845"]
[BlackElo "1821"]
[PlyCount "115"]
[EventDate "2018.02.10"]
[EventType "swiss"]
[EventRounds "6"]
[EventCountry "CAN"]

1. d4 f5 2. c4 e6 3. Nf3 Nf6 4. g3 d5 5. Bg2 c6 6. c5 Be7 7. O-O O-O 8. Nc3 Kh8
9. b4 a6 10. a4 Ne4 11. Qc2 Nd7 12. Rb1 Ndf6 13. b5 axb5 14. axb5 Qa5 15. Bd2
Nxd2 16. Nxd2 Qc7 17. f4 Bd7 18. b6 Qd8 19. Ra1 Ng4 20. Qd3 h5 21. h4 Bf6 22.
Nf3 Qe7 23. Ra7 Rxa7 24. bxa7 Ra8 25. Ra1 Qd8 26. Qb1 Bc8 27. Qb4 Ne3 28. Ra2
Nc4 29. Kf2 Qc7 30. e3 Kg8 31. Bf1 b5 32. cxb6 Qxb6 33. Qa4 Nd6 34. Be2 Bb7 35.
Ne5 Bxe5 36. fxe5 Nc8 37. Bxh5 Rxa7 38. Qc2 Rxa2 39. Qxa2 Ba6 40. Qa3 Bc4 41.
g4 f4 42. g5 fxe3+ 43. Kxe3 Qb3 44. Qxb3 Bxb3 45. Be8 Ne7 46. Bd7 Nf5+ 47. Kd2
Nxd4 48. Ne2 Nf3+ 49. Ke3 Nxe5 50. Bxe6+ Kh7 51. Nd4 Ba4 52. h5 c5 53. Nf5 d4+
54. Ke4 d3 55. Kxe5 d2 56. g6+ Kh8 57. h6 gxh6 58. g7+ 1-0

[Event "British Columbia-Washington m-A"]
[Site "Victoria CAN"]
[Date "2018.01.12"]
[Round "1"]
[White "Cortes Orihuela, Javier"]
[Black "Collyer, Curt"]
[Result "1/2-1/2"]
[WhiteElo "2267"]
[BlackElo "2309"]
[PlyCount "87"]
[EventDate "2018.01.12"]
[EventType "schev"]
[EventRounds "5"]
[EventCountry "CAN"]
[WhiteTeam "BC A"]
[BlackTeam "WA A"]

1. d4 d5 2. c4 c6 3. cxd5 cxd5 4. Nc3 Nf6 5. Nf3 Nc6 6. Bf4 a6 7. Ne5 Qb6 8.
Nxc6 bxc6 9. f3 e6 10. Na4 Qa5+ 11. Kf2 c5 12. Bd2 Qc7 13. dxc5 Bxc5+ 14. Nxc5
Qxc5+ 15. Be3 Qa5 16. Bd4 Bd7 17. e3 O-O 18. Bd3 Rfc8 19. a3 Bb5 20. Bxf6 gxf6
21. Qe2 Rc6 22. Rac1 Rac8 23. Rxc6 Rxc6 24. Bxb5 axb5 25. Rd1 Rc4 26. Rd2 Qc7
27. f4 Qc5 28. g3 Kf8 29. Qh5 Kg7 30. Qg4+ Kf8 31. Qh5 Re4 32. Re2 f5 33. Qxh7
d4 34. Qh8+ Ke7 35. exd4 Rxd4 36. Kg2 Qc6+ 37. Kh3 Rd3 38. Qh4+ Kf8 39. Qf6 Qc4
40. Kh4 Rxg3 41. hxg3 Qxe2 42. Qd8+ Kg7 43. Qg5+ Kf8 44. Qd8+ 1/2-1/2

[Event "British Columbia-Washington m-A"]
[Site "Victoria CAN"]
[Date "2018.01.12"]
[Round "1"]
[White "Doknjas, Joshua"]
[Black "Sinanan, Josh"]
[Result "1-0"]
[WhiteElo "2273"]
[BlackElo "2278"]
[PlyCount "91"]
[EventDate "2018.01.12"]
[EventType "schev"]
[EventRounds "5"]
[EventCountry "CAN"]
[WhiteTeam "BC A"]
[BlackTeam "WA A"]

1. e4 c5 2. Nf3 e6 3. d4 cxd4 4. Nxd4 a6 5. c4 Nf6 6. Nc3 Qc7 7. Be2 d6 8. Be3
Be7 9. O-O b6 10. f4 Bb7 11. Bf3 Nbd7 12. Rc1 O-O 13. g4 Rfc8 14. g5 Ne8 15.
Bg4 Bf8 16. g6 hxg6 17. Nxe6 Qb8 18. Nxf8 Nxf8 19. Bxc8 Qxc8 20. Nd5 Qe6 21.
Qf3 f5 22. exf5 gxf5 23. Bxb6 Qf7 24. Rce1 Ne6 25. Qe3 Bxd5 26. cxd5 Nf8 27.
Bd4 Nc7 28. Qe7 Nxd5 29. Qxd6 Qg6+ 30. Qxg6 Nxg6 31. Be5 Kf7 32. Re2 Rc8 33. b3
Rc6 34. Rd2 Nge7 35. Kf2 Rh6 36. Kg3 Rg6+ 37. Kf3 Rh6 38. Rg1 g6 39. Bd6 Nf6
40. Bxe7 Kxe7 41. Re2+ Kf7 42. Rg3 Ne4 43. Rc2 Nxg3 44. hxg3 Rh1 45. Rc6 Rf1+
46. Kg2 1-0

[Event "British Columbia-Washington m-A"]
[Site "Victoria CAN"]
[Date "2018.01.12"]
[Round "1"]
[White "Koons, Nat"]
[Black "Doknjas, John"]
[Result "1/2-1/2"]
[WhiteElo "2290"]
[BlackElo "2266"]
[PlyCount "109"]
[EventDate "2018.01.12"]
[EventType "schev"]
[EventRounds "5"]
[EventCountry "CAN"]
[WhiteTeam "WA A"]
[BlackTeam "BC A"]

1. c4 c5 2. g3 Nc6 3. Bg2 g6 4. Nc3 Bg7 5. Nf3 d6 6. O-O Bf5 7. a3 Qd7 8. b4
Nf6 9. Bb2 O-O 10. b5 Nd4 11. d3 Bh3 12. e3 Bxg2 13. Kxg2 Nxf3 14. Qxf3 Rad8
15. e4 Ne8 16. Qe2 Nc7 17. f4 f5 18. Rae1 e5 19. exf5 Rxf5 20. fxe5 Bxe5 21.
Ne4 Bxb2 22. Qxb2 Rdf8 23. Qe2 Rxf1 24. Rxf1 Rxf1 25. Qxf1 Qe7 26. Qf4 Ne8 27.
h4 Kg7 28. Kf3 h6 29. Ke3 Qe6 30. Kf3 Qe7 31. Ke3 Qe6 32. Kf3 Qe7 33. Qd2 Nf6
34. Qc3 Kf7 35. Nxf6 Qxf6+ 36. Qxf6+ Kxf6 37. Ke4 Ke6 38. g4 h5 39. gxh5 gxh5
40. d4 cxd4 41. Kxd4 Kf5 42. Kd5 Kg4 43. Kxd6 b6 44. Ke5 Kxh4 45. Kf4 Kh3 46.
Kf3 Kh2 47. a4 Kg1 48. c5 h4 49. Kg4 bxc5 50. a5 c4 51. b6 axb6 52. axb6 c3 53.
b7 c2 54. b8=Q c1=Q 55. Kxh4 1/2-1/2

[Event "British Columbia-Washington m-A"]
[Site "Victoria CAN"]
[Date "2018.01.12"]
[Round "1"]
[White "Moroney, Timothy"]
[Black "Kenney, Jason"]
[Result "0-1"]
[WhiteElo "2044"]
[BlackElo "2246"]
[PlyCount "76"]
[EventDate "2018.01.12"]
[EventType "schev"]
[EventRounds "5"]
[EventCountry "CAN"]
[WhiteTeam "WA A"]
[BlackTeam "BC A"]

1. e4 c5 2. Nf3 e6 3. g3 Nc6 4. Bg2 Nf6 5. Qe2 Be7 6. O-O d5 7. e5 Nd7 8. c3 g5
9. h3 h5 10. Rd1 g4 11. hxg4 hxg4 12. Nh2 Ndxe5 13. d4 cxd4 14. cxd4 Nf3+ 15.
Nxf3 gxf3 16. Bxf3 Bd7 17. Nc3 Kf8 18. Bf4 Bf6 19. Qe3 Kg7 20. Kg2 Qe7 21. a3
Rh7 22. Bg4 Na5 23. Rh1 Rah8 24. Be5 Bxe5 25. Qxe5+ Qf6 26. Qc7 Qxd4 27. Bf3
Rxh1 28. Rxh1 Rxh1 29. Kxh1 Qxf2 30. Bg2 Bc6 31. Qxa5 Qxg3 32. Qxa7 Qh4+ 33.
Kg1 Qe1+ 34. Kh2 Qe5+ 35. Kh1 d4 36. Bxc6 dxc3 37. Qxb7 Qh5+ 38. Kg1 c2 0-1

[Event "British Columbia-Washington m-A"]
[Site "Victoria CAN"]
[Date "2018.01.12"]
[Round "1"]
[White "Wu, Howard"]
[Black "Chen, Howard"]
[Result "0-1"]
[WhiteElo "2213"]
[BlackElo "2416"]
[PlyCount "80"]
[EventDate "2018.01.12"]
[EventType "schev"]
[EventRounds "5"]
[EventCountry "CAN"]
[WhiteTeam "BC A"]
[BlackTeam "WA A"]

1. e4 g6 2. d4 Bg7 3. Nf3 d6 4. Nc3 a6 5. Be3 b5 6. h3 Bb7 7. Bd3 Nd7 8. a4 b4
9. Ne2 c5 10. O-O Qc7 11. b3 Ngf6 12. Ng3 O-O 13. Rc1 cxd4 14. Nxd4 e5 15. Nde2
d5 16. c3 bxc3 17. Nxc3 d4 18. Nd5 Qd6 19. Nxf6+ Nxf6 20. Bd2 h5 21. Bg5 Nh7
22. Qd2 Nxg5 23. Qxg5 Bc8 24. Bc4 Rb8 25. Rfd1 Kh7 26. Rc2 Be6 27. Rd3 Bxc4 28.
Rxc4 Bh6 29. Qh4 Rfc8 30. Rxc8 Rxc8 31. Nf1 Kg7 32. Qg3 Rc1 33. Qf3 Qb4 34. Qe2
a5 35. Rf3 Rc3 36. Qd1 Rxf3 37. gxf3 Qc3 38. Kg2 d3 39. f4 Bxf4 40. Kf3 Qc2 0-1

[Event "British Columbia-Washington m-A"]
[Site "Victoria CAN"]
[Date "2018.01.13"]
[Round "2"]
[White "Chen, Howard"]
[Black "Cortes Orihuela, Javier"]
[Result "1-0"]
[WhiteElo "2416"]
[BlackElo "2267"]
[PlyCount "49"]
[EventDate "2018.01.12"]
[EventType "schev"]
[EventRounds "5"]
[EventCountry "CAN"]
[WhiteTeam "WA A"]
[BlackTeam "BC A"]

1. g3 d5 2. Bg2 c6 3. d3 e5 4. Nf3 Bd6 5. O-O Nf6 6. Nc3 h6 7. e4 d4 8. Ne2 g5
9. c3 c5 10. cxd4 cxd4 11. Nexd4 exd4 12. e5 Nc6 13. exd6 Qxd6 14. Re1+ Be6 15.
b4 Nd5 16. Bb2 Ndxb4 17. a3 Na6 18. Nxd4 Nxd4 19. Qa4+ Nc6 20. Bxh8 Nc5 21. Qb5
O-O-O 22. Rec1 Rxh8 23. Rxc5 Bd7 24. Rb1 Qc7 25. d4 1-0

[Event "British Columbia-Washington m-A"]
[Site "Victoria CAN"]
[Date "2018.01.13"]
[Round "2"]
[White "Collyer, Curt"]
[Black "Doknjas, Joshua"]
[Result "1/2-1/2"]
[WhiteElo "2309"]
[BlackElo "2273"]
[PlyCount "63"]
[EventDate "2018.01.12"]
[EventType "schev"]
[EventRounds "5"]
[EventCountry "CAN"]
[WhiteTeam "WA A"]
[BlackTeam "BC A"]

1. Nf3 c5 2. b3 d6 3. Bb2 e5 4. e4 Nc6 5. Bc4 g6 6. Nc3 Bg7 7. d3 a6 8. a4 h6
9. Nd2 Nge7 10. O-O O-O 11. Nd5 Nxd5 12. Bxd5 Ne7 13. a5 Nxd5 14. exd5 b5 15.
axb6 Bb7 16. c4 Qxb6 17. Bc3 Qc7 18. Ra4 Rfe8 19. Qa1 Bc8 20. Qb2 Bd7 21. Ra3
Ra7 22. Rfa1 Rea8 23. Ra5 Bf5 24. Qc2 Qb6 25. R1a2 Bf8 26. h3 Be7 27. Rb2 Kh7
28. Nf3 Qc7 29. Qe2 Bf6 30. Rba2 Qb6 31. Nd2 Bg7 32. R2a3 1/2-1/2

[Event "British Columbia-Washington m-A"]
[Site "Victoria CAN"]
[Date "2018.01.13"]
[Round "2"]
[White "Doknjas, John"]
[Black "Sinanan, Josh"]
[Result "1-0"]
[WhiteElo "2266"]
[BlackElo "2278"]
[PlyCount "69"]
[EventDate "2018.01.12"]
[EventType "schev"]
[EventRounds "5"]
[EventCountry "CAN"]
[WhiteTeam "BC A"]
[BlackTeam "WA A"]

1. c4 e5 2. Nc3 Nf6 3. g3 d5 4. cxd5 Nxd5 5. Bg2 Nb6 6. Nf3 Nc6 7. O-O Be7 8.
d3 O-O 9. a3 Re8 10. b4 Bf8 11. Bb2 f6 12. Rc1 a5 13. b5 Nd4 14. a4 Bg4 15.
Nxd4 exd4 16. Ne4 Kh8 17. h3 Bh5 18. g4 Bf7 19. e3 Nd5 20. Bxd4 Nf4 21. Bxf6
Nxh3+ 22. Bxh3 gxf6 23. Qf3 Be7 24. Qf4 Bg6 25. Bg2 Rc8 26. d4 c6 27. bxc6 bxc6
28. Rb1 Bxe4 29. Bxe4 Bd6 30. Qf5 Qe7 31. Bd3 Rc7 32. Kg2 Qf7 33. Rh1 Qd5+ 34.
Qxd5 cxd5 35. Rb5 1-0

[Event "British Columbia-Washington m-A"]
[Site "Victoria CAN"]
[Date "2018.01.13"]
[Round "2"]
[White "Kenney, Jason"]
[Black "Koons, Nat"]
[Result "0-1"]
[WhiteElo "2246"]
[BlackElo "2290"]
[PlyCount "62"]
[EventDate "2018.01.12"]
[EventType "schev"]
[EventRounds "5"]
[EventCountry "CAN"]
[WhiteTeam "BC A"]
[BlackTeam "WA A"]

1. d4 Nf6 2. c4 e6 3. Nc3 Bb4 4. e3 O-O 5. Bd3 d5 6. Nf3 dxc4 7. Bxc4 c5 8. O-O
Nc6 9. a3 Ba5 10. Qe2 cxd4 11. Rd1 e5 12. exd4 exd4 13. Bg5 Bg4 14. Nd5 Qd6 15.
Bxf6 gxf6 16. h3 Rfe8 17. Qd3 Bh5 18. Qf5 Bg6 19. Qxf6 Re6 20. Qf4 Rd8 21. Qh4
b5 22. Ba2 d3 23. Ng5 Re5 24. Nxh7 Kg7 25. Nhf6 Rh8 26. Qg4 Bd8 27. f4 Bxf6 28.
fxe5 Nxe5 29. Qb4 Nf3+ 30. Kf1 Qh2 31. Kf2 Bh4+ 0-1

[Event "British Columbia-Washington m-A"]
[Site "Victoria CAN"]
[Date "2018.01.13"]
[Round "2"]
[White "Moroney, Timothy"]
[Black "Wu, Howard"]
[Result "1-0"]
[WhiteElo "2044"]
[BlackElo "2213"]
[PlyCount "93"]
[EventDate "2018.01.12"]
[EventType "schev"]
[EventRounds "5"]
[EventCountry "CAN"]
[WhiteTeam "WA A"]
[BlackTeam "BC A"]

1. e4 c5 2. Nf3 Nc6 3. Bb5 g6 4. Bxc6 dxc6 5. O-O Bg7 6. Re1 e5 7. d3 Nh6 8. a4
b6 9. Na3 f6 10. h3 Be6 11. c3 Nf7 12. d4 cxd4 13. cxd4 O-O 14. Be3 f5 15. exf5
Bxf5 16. Nc4 e4 17. Nfe5 Qd5 18. Rc1 Rad8 19. a5 b5 20. Nxf7 Kxf7 21. Ne5+ Bxe5
22. dxe5 Qxe5 23. Qb3+ Be6 24. Qc3 Qf5 25. Qxc6 Bc4 26. Bxa7 Rd2 27. Rxc4 bxc4
28. Qxc4+ Qd5 29. Qxd5+ Rxd5 30. b4 Re8 31. Rb1 Rb5 32. Bc5 Rc8 33. Ra1 Ke6 34.
a6 Ra8 35. Kf1 Kd5 36. Ke2 Rbb8 37. Rd1+ Kc4 38. Rd4+ Kb5 39. a7 Re8 40. Ke3
Re5 41. Rd7 h5 42. Rb7+ Kc4 43. Rb8 Re8 44. Bd6 Rd8 45. Rxa8 Rxa8 46. Bb8 Kxb4
47. Kxe4 1-0